000 00572nam a22002297a 4500
001 64563
003 UA-OsUOA
005 20211105195739.0
007 ta
008 20091105b un ||||| |||| 00| 0 ukr d
040 _aUA-OsUOA
_bukr
_cUA-OsUOA
_dUA-OsUOA
041 _aukr
080 _a94(47+57)
090 _a94(47+57)
_bЯ76
100 _aЯрославський Є.
245 _aБіографія В. І. Леніна
260 _aК.
_bПолітіздат
_c1940
300 _a222 с.
650 7 _a94 Історія
_2UDC
942 _cBK
_2udc
955 _a1
999 _c350507
_d350507